সংস্কৃতি-কথা / (Record no. 39010)
[ view plain ]
| 000 -LEADER | |
|---|---|
| fixed length control field | 00940nam a2200241 a 4500 |
| 001 - CONTROL NUMBER | |
| control field | 39010 |
| 003 - CONTROL NUMBER IDENTIFIER | |
| rucl marc code | BD-RjUL |
| 005 - DATE AND TIME OF LATEST TRANSACTION | |
| control field | 20211209052911.0 |
| 008 - FIXED-LENGTH DATA ELEMENTS--GENERAL INFORMATION | |
| fixed length control field | 160511b1970 bg ||||| |||| 00| 0 ben d |
| 020 ## - INTERNATIONAL STANDARD BOOK NUMBER | |
| Terms of availability | : Tk. 6.00 |
| 035 ## - SYSTEM CONTROL NUMBER | |
| System control number | (BD-RjUL)39121 |
| 040 ## - CATALOGING SOURCE | |
| Original cataloging agency | BD-RjUL |
| Language of cataloging | eng |
| Transcribing agency | BD-RjUL |
| Modifying agency | BD-RjUL |
| 041 ## - LANGUAGE CODE | |
| Language code of text/sound track or separate title | ben |
| 082 ## - DEWEY DECIMAL CLASSIFICATION NUMBER | |
| Edition number | 23 |
| Classification number | 306.099144 |
| Author mark and year | CHS 1970 |
| 100 ## - MAIN ENTRY--PERSONAL NAME | |
| Personal name | চৌধুরী, মোতাহের হোসেন |
| 9 (RLIN) | 120438 |
| 245 10 - TITLE STATEMENT | |
| Title | সংস্কৃতি-কথা / |
| Statement of responsibility, etc. | মোতাহের হোসেন চৌধুরী |
| 250 ## - EDITION STATEMENT | |
| Edition statement | ২য় সং. |
| 260 ## - PUBLICATION, DISTRIBUTION, ETC. (IMPRINT) | |
| Place of publication, distribution, etc. | ঢাকা : |
| Name of publisher, distributor, etc. | বাংলা একাডেমী, |
| Date of publication, distribution, etc. | ১৯৭০ |
| 300 ## - PHYSICAL DESCRIPTION | |
| Pagination | ৩০০ পৃ. ; |
| Size | ২১ সেমি. |
| 650 ## - SUBJECT ADDED ENTRY--TOPICAL TERM | |
| Topical term or geographic name as entry element | বাংলাদেশ |
| General subdivision | সামাজিক জীবন ও রীতি |
| Chronological subdivision | বিশ শতক |
| 9 (RLIN) | 120439 |
| Topical term or geographic name as entry element | Bangladesh |
| General subdivision | Social life and customs |
| Chronological subdivision | 20th century. |
| 9 (RLIN) | 120440 |
| 942 ## - ADDED ENTRY ELEMENTS (KOHA) | |
| Source of classification or shelving scheme | Dewey Decimal Classification |
| Koha item type | Books |
| Lost status | Source of classification or shelving scheme | Damaged status | Not for loan | Collection code | Permanent Location | Current Location | Shelving location | Date acquired | Source of acquisition | Cost, normal purchase price | Total Checkouts | Full call number | Date last seen | Date checked out | Copy number | Koha item type |
|---|---|---|---|---|---|---|---|---|---|---|---|---|---|---|---|---|
| Dewey Decimal Classification | Non-fiction | Central Library, University of Rajshahi | Central Library, University of Rajshahi | 30/01/1975 | Dhaka, bangla Academy | 6.00 | 10 | B 306.099144 CHS 1970 | 12/12/2024 | 28/11/2024 | C-2 | Books | ||||
| Dewey Decimal Classification | Non-fiction | Central Library, University of Rajshahi | Central Library, University of Rajshahi | 30/06/1975 | Bangla Academy | 6.00 | 8 | B 306.099144 CHS 1970 | 17/06/2025 | 19/05/2025 | C-3 | Books | ||||
| Dewey Decimal Classification | Non-fiction | Central Library, University of Rajshahi | Central Library, University of Rajshahi | 31/01/1975 | Bangla Academy, Dhaka | 6.00 | 1 | B 306.099144 CHS 1970 | 07/04/2019 | 20/03/2019 | C-4 | Books | ||||
| Dewey Decimal Classification | Non-fiction | Central Library, University of Rajshahi | Central Library, University of Rajshahi | 03/09/1973 | Nawroge kitabstan, Dhaka | 6.00 | 2 | B 306.099144 CHS 1970 | 08/07/2025 | 24/06/2025 | C-5 | Books |